00477 2200181 4500001002100000008004100021035002000062245005000082100002600132260002700158300001700185082001000202650003100212990001300243990001300256990001300269990001300282INLIS000000000000696 ind  a0010-0423000696 aDONGENG PENGANTAR TIDUR PAK LEBAI YANG MALANG aYUDHISTIRA IKRANEGARA aSURABAYAbCV DUA MEDIA a32 hlm.ccm. a398.5 aBUKU-BUKU DONGENG , BALADA a102552-4 a102552-1 a102552-2 a102552-3